000 00316nam a22001337a 4500
008 170912b xxu||||| |||| 00| 0 eng d
020 _a 0316802212
041 _aeng
080 _a53
100 _a43
101 _aFIZ
245 _a THE PHYSICISTS A GENERATION THAT CHANGED THE WORLD
_cSNOW,C.P
942 _2udc
_cBK
999 _c27263
_d27263